Á lódáil...
How much is an ecosystem worth? Assessing the economic value of conservation /
| Teanga: | Undetermined |
|---|---|
| Foilsithe: |
WB ,
2005.
|
| Sraith: | IUCN, The Nature Conservancy
|
| Ábhair: |
| LEADER | 00478nam a2200145Ia 4500 | ||
|---|---|---|---|
| 001 | 154661 | ||
| 008 | 170722s9999 xx 000 0 und d | ||
| 245 | |a How much is an ecosystem worth? |b Assessing the economic value of conservation / | ||
| 260 | |b WB , |c 2005. | ||
| 490 | |a IUCN, The Nature Conservancy | ||
| 653 | |a Ecosystem | ||
| 653 | |a Environment | ||
| 942 | |c GEN | ||
| 999 | |c 173646 |d 173646 | ||
| 952 | |0 0 |1 0 |4 0 |6 WB |7 0 |8 WB |9 239441 |a LIB |b LIB |d 2017-08-12 |o WB |p UN1612 |r 2017-08-12 |w 2017-08-12 |y GEN | ||